000 00315nam a2200109Ia 4500
008 200302s9999 xx 000 0 und d
100 _aUlrike passe and other
245 _aDsigning spaces for natural ventilation an architect's guide
260 _bTaylor and Francis Group Publishing
260 _c2015
300 _a341
999 _c6495
_d6495